MARC детайли
| 000 -Лидер |
| Контролно поле с фиксирана дължина |
02999nam a2200505 c 4500 |
| 003 - Код на организацията, давaща контролен номер |
| Контролно поле |
BLK |
| 005 - Дата и час на последна редакция |
| Контролно поле |
20250527133053.0 |
| 008 - Елементи от данни с фиксирана дължина |
| fixed length control field |
180409b bul|||||r ||||||| ||bul|| |
| 010 ## - Наследен системен номер |
| LC control number |
KNG00149108000 |
| 020 ## - Международен стандартен номер на книга ISBN |
| Международен стандартен номер на книга ISBN |
954-509-042-1 |
| -- |
издат.: Военноизд. комплекс Св. Георги Победоносец |
| 040 ## - Източник на каталожния запис |
| Идентификатор на билиотеката - собственик на записа |
BLK |
| 041 ## - Код за език |
| Код за езика на текст/звукозапис или на отделно заглавие |
Български |
| Код за езика КДБФ |
Български |
| 080 ## - УДК |
| Текстов определител УДК |
Българска православна църква |
| УДК код - определител по УДК |
281.962 |
| УДК определител |
(092)(093.3) |
| УДК - код + определител |
281.962(092)(093.3) |
| 080 ## - УДК |
| Текстов определител УДК |
Църковен национален въпрос. Обособяване на самостоятелна българска църква. Създаване на Българска екзархия |
| УДК код - определител по УДК |
94(497.2)"1870" |
| УДК определител |
(092)(093.3) |
| УДК - код + определител |
94(497.2)"1870"(092)(093.3) |
| 080 ## - УДК |
| Текстов определител УДК |
Трета българска държава (от 1878) |
| УДК код - определител по УДК |
94(497.2)"1878..." |
| УДК определител |
(092)(093.3) |
| УДК - код + определител |
94(497.2)"1878..."(092)(093.3) |
| 080 ## - УДК |
| Текстов определител УДК |
Лазар Йовчев. Виден висш български православен духовник |
| УДК код - определител по УДК |
929 Йосиф I, екзарх български |
| УДК определител |
|
| УДК - код + определител |
929 Йосиф I, екзарх български |
| 100 1# - Редна дума - Автор |
| Автор |
Български екзарх Йосиф I |
| Авторска отговорност |
първи автор |
| R(LIN) |
327806 |
| 139 ## - Редно поле |
| Редна дума |
Йосиф I, екзарх |
| Авторски знак |
Иос - И 84 |
| 245 10 - Сведения за заглавието |
| Заглавие |
Дневник |
| Редно поле (дума) |
Български екзарх Йосиф I; текст, комент. и бел. Христо Иванов Темелски; под ред. на Тодор Събев; * екзарх български Йосиф I. |
| 257 ## - Страна на издаване |
| Страна на създаване/издаване |
България |
| 260 ## - Област на издателските данни |
| -- |
София |
| Име на издателя, разпространителя и проч. |
Военноизд. комплекс Св. Георги Победоносец |
| -- |
Унив. изд. Св. Климент Охридски |
| Година на издаване |
1992 |
| 300 ## - Физическа характеристика |
| Страници |
919 с. , 16 л. |
| Илюстрации и др. |
ил. , портр. , факс. |
| Размери/Мащаб |
25 см |
| 380 ## - Жанр |
| Жанр |
Религия. Теология |
| 600 14 - Име на лице, използвано като предмет |
| За него / За нея |
Йосиф І, екзарх български |
| 9 (RLIN) |
250515 |
| 650 #4 - Допълнително описание по предмет – тема |
| Основно описание – тема или топоним |
Йосиф I, екзарх български |
| 9 (RLIN) |
373477 |
| 650 #4 - Допълнително описание по предмет – тема |
| Основно описание – тема или топоним |
Църква, българска - история - спомени |
| 9 (RLIN) |
327808 |
| 650 #4 - Допълнително описание по предмет – тема |
| Основно описание – тема или топоним |
Църковно-национална борба - България - спомени |
| 9 (RLIN) |
327809 |
| 650 #0 - Допълнително описание по предмет – тема |
| Основно описание – тема или топоним |
България - история, нова - спомени |
| 9 (RLIN) |
243137 |
| 651 #4 - Допълнително описание по предмет - топоним |
| Географско понятие |
България |
| 9 (RLIN) |
241624 |
| 653 ## - Ключова дума – ненормативна |
| Ключова дума |
българска православна църква |
| 653 ## - Ключова дума – ненормативна |
| Ключова дума |
дневници |
| 653 ## - Ключова дума – ненормативна |
| Ключова дума |
история |
| 653 ## - Ключова дума – ненормативна |
| Ключова дума |
църковна независимост |
| 653 ## - Ключова дума – ненормативна |
| Ключова дума |
българска история |
| 653 ## - Ключова дума – ненормативна |
| Ключова дума |
екзарх Йосиф I |
| 700 1# - Други автори (авторска отговорност) |
| Лично име |
Темелски, Христо Иванов |
| Автороска отговорност (Описва отношението между автора и произведението) |
текст, комент. и бел. |
| 9 (RLIN) |
365602 |
| 700 1# - Други автори (авторска отговорност) |
| Лично име |
Събев, Тодор |
| Автороска отговорност (Описва отношението между автора и произведението) |
под ред. на |
| 9 (RLIN) |
327807 |
| 700 1# - Други автори (авторска отговорност) |
| Лично име |
Йосиф I, екзарх български |
| 9 (RLIN) |
373477 |
| 852 ## - Местоположение |
| Форматна сигнатура |
Цб 172799 |
| 856 4# - Електронен адрес и достъп |
| Електронен формат |
pdf - файл |
| Път до файла /url/ |
|
| 856 4# - Електронен адрес и достъп |
| Електронен формат |
pdf - файл |
| Път до файла /url/ |
|
| 942 ## - АРТИКУЛИ |
| Вид на библиотечния материал |
Книги |
| Скрит в OPAC |
Не |
| Koha issues (borrowed), all copies |
1 |
| 944 ## - СЪЗДАВАНЕ И РЕДАКЦИЯ на ЗАПИСА |
| Създаване/Редакция |
Създаване |
| Дата на регистрацията/редакция |
09.08.2013 |
| Статус, дата на статуса |
Христина Везирева |
| Служител, извършил регистрацията/редакцията |
30535 |
| 944 ## - СЪЗДАВАНЕ И РЕДАКЦИЯ на ЗАПИСА |
| Създаване/Редакция |
Редакция |
| Дата на регистрацията/редакция |
09.08.2013 |
| Статус, дата на статуса |
09.08.2013 - от С1,Р / 09.08.2013 |
| Служител, извършил регистрацията/редакцията |
|
| 999 ## - СИСТЕМНИ КОНТРОЛНИ НОМЕРА |
| Koha biblionumber |
143004 |
| Koha biblioitemnumber |
143004 |